<?xml version="1.0" encoding="UTF-8"?>
<record
    xmlns:xsi="http://www.w3.org/2001/XMLSchema-instance"
    xsi:schemaLocation="http://www.loc.gov/MARC21/slim http://www.loc.gov/standards/marcxml/schema/MARC21slim.xsd"
    xmlns="http://www.loc.gov/MARC21/slim">

  <leader>03810nam a22005777a 4500</leader>
  <datafield tag="999" ind1=" " ind2=" ">
    <subfield code="c">6593</subfield>
    <subfield code="d">6593</subfield>
  </datafield>
  <controlfield tag="003">OSt</controlfield>
  <controlfield tag="005">20260310124110.0</controlfield>
  <controlfield tag="008">190228c        xxut||p| |||| 00| 0 spa d</controlfield>
  <datafield tag="020" ind1=" " ind2=" ">
    <subfield code="a">9789873048555</subfield>
  </datafield>
  <datafield tag="040" ind1=" " ind2=" ">
    <subfield code="c">PJ</subfield>
  </datafield>
  <datafield tag="245" ind1="1" ind2="0">
    <subfield code="a">Revista de derecho privado y comunitario :</subfield>
    <subfield code="b">diez a&#xF1;os de vigencia del C&#xF3;digo Civil y Comercial de la Naci&#xF3;n. Derechos Reales y Sucesiones /</subfield>
    <subfield code="c">H&#xE9;ctor Alegr&#xED;a, Jorge Mosset Iturraspe directores.</subfield>
  </datafield>
  <datafield tag="260" ind1=" " ind2=" ">
    <subfield code="a">Santa F&#xE9; :</subfield>
    <subfield code="b">Rubinzal-Culzoni,</subfield>
    <subfield code="c">2025.</subfield>
  </datafield>
  <datafield tag="300" ind1=" " ind2=" ">
    <subfield code="a">959 p.</subfield>
    <subfield code="c">22 cm.</subfield>
  </datafield>
  <datafield tag="310" ind1=" " ind2=" ">
    <subfield code="a">cuatrimestral</subfield>
  </datafield>
  <datafield tag="362" ind1=" " ind2=" ">
    <subfield code="a">No. 3 (2025)</subfield>
  </datafield>
  <datafield tag="505" ind1=" " ind2=" ">
    <subfield code="t">Las criptomonedas como activos en el patrimonio /</subfield>
    <subfield code="r">Liliana Abreut de Begher.</subfield>
  </datafield>
  <datafield tag="505" ind1=" " ind2=" ">
    <subfield code="t">Conjuntos inmobiliarios preexistentes /</subfield>
    <subfield code="r"> Mart&#xED;n Luis Gallo Tagle y Fernando M&#xE1;rquez.</subfield>
  </datafield>
  <datafield tag="505" ind1=" " ind2=" ">
    <subfield code="t">Acciones posesorias /</subfield>
    <subfield code="r">Jos&#xE9; Benito Fajre.</subfield>
  </datafield>
  <datafield tag="505" ind1=" " ind2=" ">
    <subfield code="t">La buena o mala fe en las relaciones de poder /</subfield>
    <subfield code="r">art&#xED;n Luis Gallo Tagle y Fernando M&#xE1;rquez.</subfield>
  </datafield>
  <datafield tag="505" ind1=" " ind2=" ">
    <subfield code="t">Derechos reales de disfrute /</subfield>
    <subfield code="r"> Roberto Malizia.</subfield>
  </datafield>
  <datafield tag="505" ind1=" " ind2=" ">
    <subfield code="t">Problemas derivados de los cr&#xE9;ditos hipotecarios uva /</subfield>
    <subfield code="r"> Gisele Bo&#xFC;llon.</subfield>
  </datafield>
  <datafield tag="505" ind1=" " ind2=" ">
    <subfield code="t">Hipotecas divisibles /</subfield>
    <subfield code="r">Alejandro L. Iriarte.</subfield>
  </datafield>
  <datafield tag="505" ind1=" " ind2=" ">
    <subfield code="t">La hipoteca frente a la partici&#xF3;n del condominio. dimensiones y prospectiva /</subfield>
    <subfield code="r">Federico Causse y Christian R. Pettis.</subfield>
  </datafield>
  <datafield tag="505" ind1=" " ind2=" ">
    <subfield code="t">La legitimaci&#xF3;n pasiva en la acci&#xF3;n reivindicatoria de inmuebles y el alcance subjetivo de la sentencia que la admite /</subfield>
    <subfield code="r"> Mario A. Zelaya.</subfield>
  </datafield>
  <datafield tag="505" ind1=" " ind2=" ">
    <subfield code="t">Aciertos y avances del derecho sucesorio en el c&#xF3;digo civil y comercial /</subfield>
    <subfield code="r">Francisco A. M. Ferrer.</subfield>
  </datafield>
  <datafield tag="505" ind1=" " ind2=" ">
    <subfield code="t">En busca de un derecho sucesorio m&#xE1;s solidario /</subfield>
    <subfield code="r"> Marcos Mauricio C&#xF3;rdoba.</subfield>
  </datafield>
  <datafield tag="505" ind1=" " ind2=" ">
    <subfield code="t">A diez a&#xF1;os de la sanci&#xF3;n del c&#xF3;digo civil y comercial y la injustificable supresi&#xF3;n de la desheredaci&#xF3;n /</subfield>
    <subfield code="r">Gabriel Rolleri.</subfield>
  </datafield>
  <datafield tag="505" ind1=" " ind2=" ">
    <subfield code="t">An&#xE1;lisis del contrato de cesi&#xF3;n de derechos hereditarios a trav&#xE9;s de sus caracter&#xED;sticas /</subfield>
    <subfield code="r"> Guido Agust&#xED;n Gallino.</subfield>
  </datafield>
  <datafield tag="505" ind1=" " ind2=" ">
    <subfield code="t">Fidecomisos de planificaci&#xF3;n patrimonial y derecho sucesorio /</subfield>
    <subfield code="r">Carlos Marcelo D&#x2019;Alessio.</subfield>
  </datafield>
  <datafield tag="505" ind1=" " ind2=" ">
    <subfield code="t">Objeto del juicio sucesorio. consideraciones en torno a la renuncia o repudiaci&#xF3;n de la herencia /</subfield>
    <subfield code="r">Adriana Sylvina Mor&#xF3;n y Lucila In&#xE9;s C&#xF3;rdoba.</subfield>
  </datafield>
  <datafield tag="505" ind1=" " ind2=" ">
    <subfield code="t">La pensi&#xF3;n compensatoria y la muerte del causante /</subfield>
    <subfield code="r">Eduardo Guillermo Roveda.</subfield>
  </datafield>
  <datafield tag="505" ind1=" " ind2=" ">
    <subfield code="t">El testamento digital - en homenaje a los doctores alberto j. bueres, jorge mosset iturraspe y eduardo a. zannoni a diez a&#xF1;os de la vigencia del c&#xF3;digo civil y comercial de la naci&#xF3;n /</subfield>
    <subfield code="r">Pablo Sebasti&#xE1;n Flores.</subfield>
  </datafield>
  <datafield tag="505" ind1=" " ind2=" ">
    <subfield code="t">El proceso sucesorio patrio y la sucesi&#xF3;n notarial /</subfield>
    <subfield code="r"> Gast&#xF3;n Augusto Zavala.</subfield>
  </datafield>
  <datafield tag="505" ind1=" " ind2=" ">
    <subfield code="t">Parte general /</subfield>
    <subfield code="r">Julio C&#xE9;sar Rivera Colaborador: Diego M. Fissore.</subfield>
  </datafield>
  <datafield tag="505" ind1=" " ind2=" ">
    <subfield code="t">Obligaciones /</subfield>
    <subfield code="r"> Carlos Reyna.</subfield>
  </datafield>
  <datafield tag="505" ind1=" " ind2=" ">
    <subfield code="t">Contratos /</subfield>
    <subfield code="r">Ricardo Luis Lorenzetti y Gonzalo Sozzo Colaborador: Mariano L. Churruarin.</subfield>
  </datafield>
  <datafield tag="505" ind1=" " ind2=" ">
    <subfield code="t">Derechos reales /</subfield>
    <subfield code="r">Leopoldo L. Peralta Mariscal Colaboradora: Mariana Rey.

</subfield>
  </datafield>
  <datafield tag="505" ind1=" " ind2=" ">
    <subfield code="t">Familias /</subfield>
    <subfield code="r">A&#xED;da Kemelmajer Colaboradora: Mar&#xED;a Ang&#xE9;lica Correa.</subfield>
  </datafield>
  <datafield tag="505" ind1=" " ind2=" ">
    <subfield code="t">Sucesiones /</subfield>
    <subfield code="r">Graciela Medina Colaboradora: Andrea In&#xE9;s Podest&#xE1;.</subfield>
  </datafield>
  <datafield tag="505" ind1=" " ind2=" ">
    <subfield code="t">Concursos /</subfield>
    <subfield code="r">Jos&#xE9; A .DiTullio Colaborador: Eduardo N&#xE9;stor Chiavassa.</subfield>
  </datafield>
  <datafield tag="505" ind1=" " ind2=" ">
    <subfield code="t">Seguros /</subfield>
    <subfield code="r">Horacio Roitman Colaborador:Jos&#xE9; A.DiTullio.</subfield>
  </datafield>
  <datafield tag="505" ind1=" " ind2=" ">
    <subfield code="t">Sociedades /</subfield>
    <subfield code="r">H&#xE9;ctor Alegria Colaborador: Nicol&#xE1;s J. Di Lella.</subfield>
  </datafield>
  <datafield tag="505" ind1=" " ind2=" ">
    <subfield code="t">Derecho cambiario /</subfield>
    <subfield code="r"> Iv&#xE1;n G. Di Chiazza Colaborador: Jos&#xE9; Ignacio Pastore.</subfield>
  </datafield>
  <datafield tag="505" ind1=" " ind2=" ">
    <subfield code="t">Derechos humanos /</subfield>
    <subfield code="r">Graciela Medina Colaboradora: Gabriela Yuba.</subfield>
  </datafield>
  <datafield tag="650" ind1=" " ind2="0">
    <subfield code="9">1497</subfield>
    <subfield code="a">CODIGO CIVIL Y COMERCIAL</subfield>
  </datafield>
  <datafield tag="650" ind1=" " ind2="0">
    <subfield code="9">1821</subfield>
    <subfield code="a">DERECHOS REALES</subfield>
  </datafield>
  <datafield tag="650" ind1=" " ind2="0">
    <subfield code="9">888</subfield>
    <subfield code="a">SUCESIONES</subfield>
  </datafield>
  <datafield tag="700" ind1=" " ind2=" ">
    <subfield code="9">1076</subfield>
    <subfield code="a">Alegria, H&#xE9;ctor</subfield>
    <subfield code="e">director</subfield>
  </datafield>
  <datafield tag="700" ind1=" " ind2=" ">
    <subfield code="9">528</subfield>
    <subfield code="a">Mosset Iturraspe, Jorge </subfield>
    <subfield code="e">director</subfield>
  </datafield>
  <datafield tag="942" ind1=" " ind2=" ">
    <subfield code="2">udc</subfield>
    <subfield code="c">PP</subfield>
    <subfield code="h">347.1(05)</subfield>
    <subfield code="i">REV</subfield>
  </datafield>
  <datafield tag="952" ind1=" " ind2=" ">
    <subfield code="0">0</subfield>
    <subfield code="1">0</subfield>
    <subfield code="2">udc</subfield>
    <subfield code="4">0</subfield>
    <subfield code="7">0</subfield>
    <subfield code="a">DJS</subfield>
    <subfield code="b">DJS</subfield>
    <subfield code="d">2026-03-05</subfield>
    <subfield code="p">6775</subfield>
    <subfield code="r">2026-03-05</subfield>
    <subfield code="w">2026-03-05</subfield>
    <subfield code="y">PP</subfield>
  </datafield>
</record>
